Is That A Star Wars First Name or Last Name? #2 - Statistics

General Stats
  • This quiz has been taken 26 times
  • The average score is 12 of 15
Answer Stats
Question Answer % Correct
Han? First Name
100%
Sheev? First Name
95%
Erso? Last Name?
95%
Mundi? Last Name
95%
Lars? Last Name
90%
Eeth? First Name
85%
Ohnaka? Last Name
85%
Korkie? First Name
80%
Savage? First Name
80%
Kanata? Last Name
80%
Yord? First Name
75%
Jinn? Last Name
75%
Wat? First Name
70%
Rau? Last Name
70%
Elsbeth? Last Name
70%
No matching quizzes found
Score Distribution
Percent of People with Each Score
Percentile by Number Answered
Your Score History
You have not taken this quiz